000 00955nam a2200241 i 4500
001 125030
003 ES-MaACL
005 20250826081425.0
007 t|
008 070426s1935 sp |||| | spa d
110 2 _aInstituto Nacional de Previsión (España)
_95180
245 1 0 _aNormas para la prevención de accidentes en las máquinas trilladoras.
260 _aMadrid :
_b[s.n.],
_c1935 (
_fOficina Tipográf. del Instituto Nacional de Previsión)
300 _a1 h. ;
_c22 cm.
490 1 _aPublicaciones del Instituto Nacional de Previsión ;
_v545
500 _aEjemp. sin portada.
500 _aPrecede al tít.: Caja Nacional de Accidentes de Trabajo.
650 4 _aSeguridad industrial-
_zEspaña.
_917018
710 2 _aCaja Nacional de Seguro de Accidentes del Trabajo
_9186626
830 0 _aPublicaciones del Instituto Nacional de Previsión ;
_v545
_9181151
852 _aES-MaACL
_jC-12641(7)
999 _c125030
_d125030